| 000 | 01479nam a22002537a 4500 | ||
|---|---|---|---|
| 999 |
_c58184 _d58184 |
||
| 003 | Ge_BSU | ||
| 005 | 20210810120911.0 | ||
| 008 | 210810s2020 ge ||||| |||| 00| 0 geo d | ||
| 020 | _a9789941312793 | ||
| 041 | _ageo | ||
| 080 | _a32.01(100) კ-55 | ||
| 100 |
_aკისინჯერი, ჰენრი _912384 |
||
| 245 |
_aმსოფლიო წესრიგი / _cჰენრი კისინჯერი; ინგლისურიდან თარგმნა მაია ფანჯიკიძემ; რედ. ნინო დეკანოიძე, ზვიად კვარაცხელია, სოფო კობიაშვილი. |
||
| 264 |
_aთბილისი : _bინტელექტი, _c2020. |
||
| 300 |
_a598 გვ.; _b21 სმ. |
||
| 500 | _aწიგნი გამოიცა EECMD - ის მხარდაჭერით. | ||
| 501 | _aშენიშვნები გვ. 536-585 საძიებელი გვ. 587-598 | ||
| 653 | _aმსოფლიო პოლიტიკა | ||
| 700 |
_aფანჯიკიძე, მაია _eმთარგმნელი _98229 |
||
| 700 |
_aდეკანოიძე, ნინო _eრედაქტორი _95297 |
||
| 700 |
_aკვარაცხელია, ზვიად _eრედაქტორი _912139 |
||
| 700 |
_aკობიაშვილი, სოფო _eრედაქტორი _912385 |
||
| 942 |
_2udc _cBK |
||